000 00737nam a2200181 a 4500
001 000026806
005 20200930030425.0
008 110325s1998 dr ac 000 0 spa d
040 _aDO-SdBNP
_bspa
_cBNPHU
082 _axxx
_bC749n
111 2 _aCongreso nacional sobre medicamentos
_n(5to
_d1998 marz. 19,20 y 21 :
_cSanto Domingo)
_953918
245 1 0 _aV congreso nacional sobre medicamentos :
_bperspectivas de la empresa farmaceutica.
246 _aQuinto congreso nacional sobre medicamentos :
_bperspectivas de la empresa farmaceutica
260 _aSanto Domingo :
_bARAPF,
_c1998.
300 _a113 p. :
_bil., retr. ;
_c29 cm.
710 2 _aAsociación de Representantes, Agentes y Productores Farmaceuticos
_953919
049 _aBNPD
999 _c26298
_d26298